000 00439cam a2200169ua 4500
020 _cRs 1.50
041 _amal
_h
082 _a612.88
_bMAD/VE
100 _aMadhavan Nair, K .
245 _aVedanayute maranam /
_cK Madhavan Nair.
_hTextual Documents
260 _aKottayam :
_bSahitya Pravarthaka Co-operative Society ,
_c1966.
300 _a103 ; .
365 _aRs 1.50
504 _a
942 _cBK
999 _c426
_d426